00834nam a2200241 4500003000400000005001700004008004100021020001500062040001800077050002300095100002500118245007500143264003600218300004200254336002200296337002400318338002400342490004400366500007100410650003900481700004500520710002700565OSt20260530113857.0260505b1992 |||||||| |||| 00| 0 eng d a968887180x cICIaspabICI aTX653 bC6318 19921 aCrane, Robin,eautor10aCocinas /cCrane-Dixon ; vers. castellana de Carlos Saenz de Valicourt 1aMéxico :bGustavo Gili,c1992 a1 volumen (sin pág.)bilustraciones atexto2rdacontent asin medio2rdamedia avolumen2rdacarrier0 aColección dimensiones en arquitectura aTraducción de: architect's data sheets : food preparation spaces aCocinasxDiseño y construcción1 aSáenz de Valicourt, Carlos,etraductor aDixon, Malcolm,eautor